Operácie na devízovom trhu diplomová práca

Guardado en:
Detalles Bibliográficos
Autor principal: Janurová, Zuzana
Autor Corporativo: Národohospodárska fakulta EU. Katedra bankovníctva a medzinárodných financií
Otros Autores: Novák, Marcel, 1979-
Formato: Libro
Lenguaje:eslovaco
Publicado: Bratislava 2009
Etiquetas: Agregar Etiqueta
Sin Etiquetas, Sea el primero en etiquetar este registro!

MARC

LEADER 00000nam$a2200000$$$4500
001 0095377
005 20240319123317.1
041 0 |a slo 
044 |a SK 
245 1 0 |a Operácie na devízovom trhu  |b diplomová práca  |c Zuzana Janurová ; škol. Marcel Novák 
264 1 |a Bratislava  |c 2009 
300 |a 82 s. 
100 1 |a Janurová, Zuzana 
700 1 |a Novák, Marcel, 1979- 
710 2 |a Národohospodárska fakulta EU. Katedra bankovníctva a medzinárodných financií